ATTENUATED VARIANTS OF EASTERN EQUINE ENCEPHALOMYELITIS VIRUS: PATHOMORPHOLOGICAL, IMMUNOFLUORESCENCE AND VIROLOGICAL STUDIES OF INFECTION IN SYRIAN HAMSTERS

Bibliographic Details
Main Authors: Dremov, D. P. (Author), Laptakova, L. M. (Author), Solyanik, R. G. (Author), Miryutova, T. L. (Author)
Format: Article
Language:English

MARC

LEADER 00000nab a2200000uu 4500
001 vtls011456357
003 SK-MaSNL
005 20260303215115.0
008 230222|1978 xo |||||||||||||||||eng|
015 |a SNBRB 
035 |a (urnnbn)urn:nbn:sk:snk:ar-a080y3 
035 |a (uuid)dd6b0d69-98d4-49d6-ab13-5976cdfca5db 
035 |a urn:nbn:sk:snk-abcr70 
040 |a SNKBUCL  |b slo  |c SNKBUCL  |e AACR2 
041 0 |a eng 
044 |a xo  |c SK 
100 1 |a Dremov, D. P.  |4 aut  |9 1250921 
245 1 0 |a ATTENUATED VARIANTS OF EASTERN EQUINE ENCEPHALOMYELITIS VIRUS: PATHOMORPHOLOGICAL, IMMUNOFLUORESCENCE AND VIROLOGICAL STUDIES OF INFECTION IN SYRIAN HAMSTERS  |c D. P. Dremov, R. G. Solyanik, T. L. Miryutova, L. M. Laptakova 
700 1 |a Laptakova, L. M.  |4 aut  |9 1250922 
700 1 |a Solyanik, R. G.  |4 aut  |9 1250923 
700 1 |a Miryutova, T. L.  |4 aut  |9 1250924 
773 0 |t Acta virologica  |g Roč. 22, č. 2 (1978), s. 139-145 
958 |a OND 
958 |a EUIPO 
958 |a article16 
999 |c 2220113  |d 2222043